Estadísticas para Top 10 Países Africanos Más Grandes

Haz click aquí para tomar la prueba!

Estadísticas generales

  • Esta prueba ha sido tomada 1,450 veces
  • La puntuación promedio es 9 de 10

Estadísticas de respuestas

Km2 País % Correcto
2,344,858República Democrática
del Congo
98%
2,381,741Argelia
96%
1,886,068Sudán
95%
1,221,037Sudáfrica
95%
1,759,540Libia
91%
1,284,000Chad
90%
1,267,000Níger
90%
1,240,192Malí
84%
1,246,700Angola
81%
1,104,300Etiopía
81%

Distribución de puntuación

Porcentaje por número respondido

Porcentaje de gente con cada puntuación

Historial de tus puntuaciones

No has tomado esta prueba